MARC

LEADER 00000nam0a2200000 4500
001 125389
005 20231031131336.0
010 |a 0750309024 
035 |a (RuTPU)RU\TPU\book\135687 
090 |a 125389 
100 |a 20071115d2003 k y0engy50 ba 
101 0 |a eng 
102 |a US 
105 |a a z 001zy 
200 1 |a Fundamentals of Ceramics  |f M. W. Barsoum 
210 |a New York  |c Taylor & Francis  |d 2003 
215 |a 603 p.  |c ил. 
225 1 |a Series in Materials Science and Engineering 
320 |a Библиография в конце глав. 
320 |a Index: p. 589-603. 
610 1 |a химическая технология 
610 1 |a керамика 
610 1 |a керамические материалы 
610 1 |a керамические изделия 
610 1 |a производство 
610 1 |a применение 
610 1 |a исследования 
610 1 |a английский язык 
675 |a 666.3  |v 3 
700 1 |a Barsoum  |b M. W.  |g Michel W. 
801 1 |a RU  |b 63413507  |c 20071115  |g PSBO 
801 2 |a RU  |b 63413507  |c 20071123  |g PSBO 
942 |c BK